| 000 | 00671nam a22002057a 4500 | ||
|---|---|---|---|
| 003 | OSt | ||
| 005 | 20210419083442.0 | ||
| 008 | 210226s1987 ||||| |||| 00| 0 eng d | ||
| 040 |
_aeng _beng _cDLC _deng |
||
| 041 | _aeng | ||
| 080 |
_a616.8 _bS-48 |
||
| 100 |
_91191 _aSequard-Brown, E., C. |
||
| 245 |
_aThis Special Edition of Lectures on the Central Nervous System _c/ by: The Classics of Neurology and Neurosurgery Library |
||
| 260 |
_aNew York _bThe Classics of Neurology and Neurosurgery Library _c1987 |
||
| 300 |
_a279 p. _bill. |
||
| 650 | 0 |
_9100 _aNeurology |
|
| 653 | _aნევროლოგია | ||
| 700 |
_91189 _aEisenhardt, Louise |
||
| 942 |
_2udc _cBK |
||
| 999 |
_c1815 _d1815 |
||